00434pab a2200157 454500008004000000100001800040245007300058260000900131300001500140362001200155650002000167650001400187650001800201650001300219773004400232180718b2012 xxu||||| |||| 00| 0 eng d aSingh, Ashima aUse of psychometric tools in competency based placement and training c2012 ap.402-411. aJul-Sep aJob description aPlacement aPsychometrics aTraining aIndian Journal of Public Administration